Personen nach KI Beschreibung - Statistiken

Allgemein
  • Dieses Quiz wurde 449 mal gespielt
  • Das Durchschnittsergebnis liegt bei 7 aus 8
Antwortstatistiken
KI Beschreibung Person % Korrekt
Sie war bekannt für ihre ruhige und pragmatische Führungsweise. Sie führte das Land von 2005 bis 2021 und war die erste Frau, die das Amt innehatte. Während ihrer Amtszeit stand sie insbesondere während der Euro-Krise und der Flüchtlingskrise im Fokus der internationalen Aufmerksamkeit. Angela Merkel
100%
Er zeichnete sich durch eine charismatische Redegewandtheit und eine symbolische historische Bedeutung aus, da er der erste afroamerikanische Präsident der USA war. Während seiner Amtszeit konzentrierte er sich auf Gesundheitsreformen, den Kampf gegen den Terrorismus und die Förderung der erneuerbaren Energien. Sein politischer Stil wurde von vielen als besonnen und analytisch betrachtet. Barack Obama
98%
Der ehemalige Fußballtrainer der deutschen Nationalmannschaft war für seine langjährige Amtszeit und seinen Beitrag zum Gewinn der FIFA-Weltmeisterschaft 2014 bekannt. Er wurde für seinen taktischen Verstand und seine Fähigkeit, junge Talente zu fördern, geschätzt. Jogi Löw
92%
Das deutsche Model und Unternehmerin ist international für ihre Arbeit in der Modebranche bekannt. Sie wurde durch ihre Teilnahme und Moderation in einer bekannten Model-Casting-Show einem breiten Publikum bekannt. Sie hat sich auch als Geschäftsfrau etabliert und ist in verschiedenen kreativen Projekten involviert. Heidi Klum
87%
Die britische Schauspielerin erlangte internationale Bekanntheit durch ihre Rolle in einer bekannten Filmreihe über einen jungen Zauberer. Neben ihrer schauspielerischen Karriere hat sie sich als Aktivistin für Frauenrechte und Gleichstellung engagiert. Ihr Einsatz für Bildung und soziale Themen hat sie zu einer prominenten Persönlichkeit jenseits des Filmgeschäfts gemacht. Emma Watson
77%
Die erfolgreiche Singer-Songwriterin wurde für ihre vielseitige Musikkarriere bekannt, die von Country über Pop bis zu Indie-Pop reicht. Mit einer beeindruckenden Anzahl von Chart-Toppers und Grammy-Auszeichnungen wurde sie zu einer der einflussreichsten Künstlerinnen ihrer Generation. Neben ihrer Musikkarriere ist sie auch für ihre Aktivitäten im Bereich sozialer Gerechtigkeit und ihre engagierte Fanbasis bekannt. Taylor Swift
74%
Der deutsche Entertainer ist bekannt für seine langjährige Karriere im Fernsehen, insbesondere als Moderator verschiedener Unterhaltungsshows. Mit seinem unverwechselbaren Stil und Charisma hat er sich als eine markante Persönlichkeit in der deutschen Unterhaltungsbranche etabliert. Sein Beitrag zum deutschen Fernsehen erstreckt sich über mehrere Jahrzehnte, und er wird oft mit großen Unterhaltungsformaten in Verbindung gebracht. Thomas Gottschalk
67%
Der deutsche Sänger und Songwriter ist bekannt für seine musikalische Vielseitigkeit und eingängigen Hits. Mit einem charakteristischen Sound und erfolgreichen Alben hat er sich in der deutschen Musikszene etabliert. Neben seiner Musikkarriere wurde er auch als Juror in verschiedenen Gesangswettbewerben bekannt. Sein künstlerisches Talent und sein Beitrag zur deutschen Popmusik haben ihn zu einer prägenden Figur gemacht. Mark Forster
56%
Keine übereinstimmenden Quizze gefunden
Verteilung der Resultate
Anzahl Personen mit jedem Resultat
Perzentil nach korrekt beantworteten Fragen
Ihre Resultats-Entwicklung
Sie haben dieses Quiz noch nicht gespielt